Statistics for Host cities of the Junior Eurovision Song Contest

Click here to take the quiz!

General Stats

  • This quiz has been taken 106 times
  • The average score is 11 of 16

Answer Stats

YearCity% Correct
2010Minsk
92%
2018Minsk
92%
2016Valletta
87%
2009Kiev
83%
2013Kiev
83%
2017Tbilisi
79%
2012Amsterdam
78%
2003Copenhagen
72%
2015Sofia
72%
2011Yerevan
68%
2007Rotterdam
67%
2006Bucharest
62%
2004Lillehammer
54%
2008Limasol
51%
2005Hasselt
46%
2014Marsa
45%

Score Distribution

Percentile by Number Answered

Percent of People with Each Score

Your Score History

You have not taken this quiz